000 00818nam a2200253 i 4500
001 11452
003 ES-MaACL
005 20250803063028.0
007 t|
008 930628s1992 sp |||| | spa j
020 _a84-7100-349-X
080 _a910.4(7/8)"15/17"
100 1 _aLucena Salmoral, Manuel
_974562
245 1 0 _aPiratas, bucaneros, filibusteros y corsarios en América
_b: perros, mendigos y otros malditos del mar /
_cManuel Lucena Salmoral.
260 _aMadrid :
_bMAPFRE,
_c[1992]
300 _a313 p. ;
_c23 cm.
490 1 _aMar y América ;
_v8
500 _aÍndices.
504 _aBibliografía: p. [293]-298.
650 1 4 _aPiratas-
_zAmérica-
_vHistoria.
_9169018
830 0 0 _aColección Mar y América
_v8
_9228196
852 _aES-MaACL
_jL-18777
999 _c11452
_d11452